000 00482nam a2200193Ia 4500
008 230125s9999 xx 000 0 und d
020 _a0-07-460404-X
041 _aeng
082 _a658.838
_bBER
100 _aBeri G C
_9111433
245 _aMarketing Research
250 _a2nd Ed.
260 _c1998
_bTata McGraw Hill
_aNew Delhi
300 _a454p
500 _aMarketing research
650 _aMarketing management
700 _aBeri G C
_9111433
999 _c92238
_d92238